|
|
|
|
| LEADER |
00000nam a22000007a 4500 |
| 005 |
2021082608478.0 |
| 007 |
cr|||| |||| |
| 008 |
210826s2001 ca |||||s|||| 00||0 eng d |
| 020 |
|
|
|a 9781459312357
|
| 035 |
|
|
|a 35259
|
| 040 |
|
|
|a vLex
|
| 090 |
|
|
|c 12148
|d 12148
|
| 100 |
1 |
|
|a Layton, David
|
| 245 |
1 |
0 |
|a Ethics and Canadian Criminal Law
|h [Recurso electrn̤ico] /
|c David Layton, Michel Proulx
|
| 256 |
|
|
|a Servicio en ln̕ea
|
| 260 |
|
|
|a Toronto:
|b Irwin Law Inc.,
|c 2001
|
| 300 |
|
|
|a 1 recurso electrn̤ico
|
| 506 |
1 |
|
|a Disponible solo en los productos indicados
|d vLex Global
|d vLex Global (Academic Edition, excluding Law Schools)
|d vLex Global (U.S. Academic Edition, Law Schools)
|d vLex Global (U.S. Academic Edition, excluding Law Schools)
|d vLex Global (Academic Edition, Law Schools)
|
| 650 |
0 |
4 |
|a Procedimiento Penal
|z Canad̀
|
| 700 |
1 |
|
|a Proulx, Michel
|
| 740 |
0 |
|
|a vLex Libros (Servicio en ln̕ea)
|
| 856 |
4 |
0 |
|u https://app.vlex.com/#/sources/35259
|z Acceso restringido
|
| 942 |
|
|
|c BOOK
|
| 999 |
0 |
|
|a Penal procedure
|